[Event "GER-chT U16"]
[Site "Bingen"]
[Date "2008.12.27"]
[Round "2.2"]
[White "Bollmann, Laslo"]
[Black "Rafayevych, Vilen"]
[Result "1-0"]
[WhiteElo "1626"]
[BlackElo "1992"]
[PlyCount "105"]
[EventDate "2008.12.27"]
[EventType "team-swiss"]
[EventRounds "7"]
[EventCountry "GER"]
[SourceTitle "EXT 2010"]
[Source "ChessBase"]
[SourceDate "2010.11.25"]
[SourceVersion "1"]
[SourceVersionDate "2010.11.25"]
[SourceQuality "1"]
[WhiteTeam "Graefelfing SK U16"]
[BlackTeam "Magdeburg Aufbau Elbe U16"]
[WhiteTeamCountry "GER"]
[BlackTeamCountry "GER"]

1. e4 c5 2. Nf3 e6 3. d4 cxd4 4. Nxd4 Nc6 5. Nc3 Qc7 6. g3 a6 7. Bg2 Nf6 8. 0-0 d6 9. Re1 Be7 10. Nxc6 bxc6 11. Na4 d5 12. e5 Nd7 13. Qg4 g6 14. Bf4 Nb6 15. Nxb6 Qxb6 16. b3 Bb7 17. Bg5 Qd8 18. Bh6 Qd7 19. c4 0-0-0 20. Rec1 Kb8 21. c5 Qc7 22. Qd4 Rhg8 23. Bd2 Rdf8 24. b4 g5 25. Qd3 f6 26. Bc3 f5 27. a4 f4 28. Qd4 fxg3 29. fxg3 g4 30. Rf1 h5 31. Bd2 Bc8 32. Be3 Bd7 33. Rxf8+ Rxf8 34. Bf1 Rf5 35. Bxa6 Ka7 36. Bd3 Rxe5 37. Bf4 Bf6 38. Qf2 Be8 39. b5 Kb7 40. b6 Qg7 41. Bxe5 Bxe5 42. Rd1 Bd4 43. Ba6+ Kxa6 44. Qxd4 Qxd4+ 45. Rxd4 Bg6 46. Rf4 Bf5 47. Kf2 Kb7 48. Ke3 Ka6 49. Kd4 Kb7 50. Ke5 Ka6 51. Rxf5 exf5 52. Kxf5 Kb7 53. Kg5 1-0